Statistics for European Capitals on the coast

Click here to take the quiz!

General Stats

  • This quiz has been taken 22 times
  • The average score is 11 of 12

Answer Stats

HintAnswer% Correct
‏‏‎Oslo
100%
‏‏‎Athens
95%
‏‏‎Copenhagen
95%
‏‏‎Helsinki
95%
‏‏‎Lisbon
95%
‏‏‎Reykjavik
95%
‏‏‎Riga
95%
‏‏‎Stockholm
95%
‏‏‎Dublin
89%
‏‏‎Tallinn
89%
‏‏‎Valletta
84%
‏‏‎Monaco
68%

Score Distribution

Percentile by Number Answered

Percent of People with Each Score

Your Score History

You have not taken this quiz